000 00331nam a2200121Ia 4500
008 190216s9999||||xx |||||||||||||| ||und||
100 _a"Saikumar K,Viswanathn M,Subramanian T & Manoj K B"
245 0 _aFundamentals Of Modern Chemistry
260 _bSree Buddha Pub
_c1993
300 _aa.8p
650 _aChemistry
942 _cBK
999 _c2782
_d2782